000 00672cam a2200241 4500
008 090401t1995 xxu||||| |||| 00| 0 eng d
020 _a0115370749
035 _a(Sirsi) u18166
041 _aeng
050 _a338.20212
110 _aCentral Statistical Office
_91082
245 _aMinerals extraction in Great Britain ... 1994.
260 _aLondon
_bHMSO
_c1995
300 _a28p. ; 30cm.
350 _a18.5
490 _aBusiness Monitor
_vPA1007
520 _aCover title: UK Primary Production: Mineral Extraction in Great Britain.
650 _aMINERALS
650 _aSTATISTICS
690 _aMINING AND MINERALS
942 _n0
948 _c04/03/1997
999 _c87574
_d87574